Superbrands : an insight into many of the Malaysia's strongest brands.
| Format: | Book |
|---|---|
| Published: |
Kuala Lumpur:
Superbrands,
2004.
|
| Subjects: |
| LEADER | 00506cam a2200157 7i4500 | ||
|---|---|---|---|
| 001 | 0000019184 | ||
| 005 | 20110908090000.0 | ||
| 020 | 0 | 0 | |a 988-98398-1-4 |
| 090 | 0 | 0 | |a B 659.1 |b SUP |
| 245 | 0 | 0 | |a Superbrands : |b an insight into many of the Malaysia's strongest brands. |
| 260 | 0 | 0 | |a Kuala Lumpur: |b Superbrands, |c 2004. |
| 300 | # | # | |a 205 p. |
| 650 | 0 | 0 | |a Branding -- |z Malaysia |
| 650 | 0 | 0 | |a Advertising -- |x Brand name products -- |z Malaysia |
| 651 | 0 | 0 | |a Malaysia |
| 999 | |a 0000019772 |b Book |c Book |e Business Information Centre | ||


